| 000 | 00394nam a2200157Ia 4500 | ||
|---|---|---|---|
| 003 | LK-CoDNM | ||
| 005 | 20240731110503.0 | ||
| 008 | 010623t1815 xxu||||| |||| 00| 1 eng d | ||
| 040 |
_aLK-CoDNM _dLK-CoDNM _eLK-CoDNM |
||
| 041 |
_aeng _aSanskrit |
||
| 080 |
_a8 _bG4 |
||
| 245 | _aThe Radicals of the Sanskrita Language | ||
| 260 |
_bLondon _c1815 |
||
| 300 | _bviii, 171p ; 26 cm | ||
| 942 | _cBK | ||
| 999 |
_c80949 _d80949 |
||